Птицы города Томска. Т. 2: Население птиц и сезонные динамические процессы в орнитокомплексах (Запись № 13121530)

Подробности
000 -МАРКЕР
контрольное поле 02132nam2a2200325 4500
001 - ИДЕНТИФИКАТОР ЗАПИСИ
контрольное поле RU\NLR\BIBL_A\022227754
005 - ИДЕНТИФИКАТОР ВЕРСИИ
контрольное поле 20240611093837.0
010 ## - МЕЖДУНАРОДНЫЙ СТАНДАРТНЫЙ НОМЕР КНИГИ (ISBN)
Номер (ISBN) 978-5-00246-022-9
Тираж 30
021 ## - НОМЕР ГОСУДАРСТВЕННОЙ РЕГИСТРАЦИИ
Код страны российская федерация
Номер КН-П-24-020098
Номер Листа государственной регистраци КН-П-24-2101
035 ## - ДРУГИЕ СИСТЕМНЫЕ НОМЕРА
Идентификатор записи (NLR Aleph) 022227754
100 ## - ДАННЫЕ ОБЩЕЙ ОБРАБОТКИ
Данные общей обработки 20240521d2024 k y0rusy50 ca
101 0# - ЯЗЫК РЕСУРСА
Язык текста, звукозаписи и т.д. русский
102 ## - СТРАНА ПУБЛИКАЦИИ ИЛИ ПРОИЗВОДСТВА
Страна публикации российская федерация
105 ## - ПОЛЕ КОДИРОВАННЫХ ДАННЫХ: ТЕКСТОВЫЕ МАТЕРИАЛЫ, МОНОГРАФИЧЕСКИЕ
Кодированные данные о монографическом текстовом документе a z 001yy
200 1# - ЗАГЛАВИЕ И СВЕДЕНИЯ ОБ ОТВЕТСТВЕННОСТИ
Основное заглавие Население птиц и сезонные динамические процессы в орнитокомплексах
Параллельное заглавие Bird population and seasonal dynamic processes in ornithological complexes
Язык параллельного заглавия английский
210 ## - ПУБЛИКАЦИЯ, РАСПРОСТРАНЕНИЕ И ДР.
Дата издания, распространения и т.д. 2024
215 ## - ФИЗИЧЕСКАЯ ХАРАКТЕРИСТИКА
Специфическое обозначение материала и объем 284 с.
Другие сведения о физической характеристике ил.
320 ## - ПРИМЕЧАНИЯ О НАЛИЧИИ В ДОКУМЕНТЕ БИБЛИОГРАФИИ / УКАЗАТЕЛЯ
Текст примечания Библиогр.: с.262-265
320 ## - ПРИМЕЧАНИЯ О НАЛИЧИИ В ДОКУМЕНТЕ БИБЛИОГРАФИИ / УКАЗАТЕЛЯ
Текст примечания Алф. указ. русскояз. назв. птиц: с. 266-280
320 ## - ПРИМЕЧАНИЯ О НАЛИЧИИ В ДОКУМЕНТЕ БИБЛИОГРАФИИ / УКАЗАТЕЛЯ
Текст примечания Указ. лат. назв. птиц: с. 281-284
461 #0 - УРОВЕНЬ НАБОРА
Встроенное поле 001RU\NLR\BIBL_A\012550609
-- 2001#$aПтицы города Томска$dBirds of the Tomsk city$eмонография$eв 2 т.$fТ. К. Железнова, С. П. Миловидов, Л. В. Блинов$gРоссийский государственный аграрный университет - МСХА имени К. А. Тимирязева$zeng$vТ. 2
-- 700#1$aЖелезнова$bТ. К.$f1954-$gТатьяна Константиновна$3RU\NLR\AUTH\770167161
Системный номер (АБИС) связанной записи 12428480
Автор Железнова, Т. К. (1954-)
Место публикации Москва
Дата публикации 2021
Первые сведения об ответственности Т. К. Железнова, С. П. Миловидов, Л. В. Блинов
Параллельное заглавие Birds of the Tomsk city
Имя издателя, распространителя и т.д. У Никитских ворот
Сведения, относящиеся к заглавию монография : в 2 т.
Заглавие Птицы города Томска
ISBN 9785001702481
Номер тома Т. 2
510 1# - ПАРАЛЛЕЛЬНОЕ ЗАГЛАВИЕ
Связь между полями z11790
Параллельное заглавие Bird population and seasonal dynamic processes in ornithological complexes
Язык заглавия английский
606 1# - НАИМЕНОВАНИЕ ТЕМЫ КАК ПРЕДМЕТ
Наименование темы Птицы
Тематический подзаголовок Сезонные изменения
Географический подзаголовок Томск, город
Системный номер авторитетной/нормативной записи 2483219
Идентификатор авторитетной/нормативной записи RU\NLR\AUTH\6601690445
686 1# - ИНДЕКСЫ ДРУГИХ КЛАССИФИКАЦИЙ
Индекс Е681.237(2Р53-4Том-2)
790 #1 - ИМЯ ЛИЦА - АЛЬТЕРНАТИВНАЯ ФОРМА
Графика поля Латинская
Материалы, к которым относится поле rus
Начальный элемент ввода Železnova
Часть имени, кроме начального элемента ввода T. K.
Даты 1954-
Расширение инициалов личного имени Tat'jana Konstantinovna
Системный номер авторитетной/нормативной записи 167115
Идентификатор авторитетной/нормативной записи RU\NLR\AUTH\770167162
942 ## - ДОПОЛНИТЕЛЬНЫЕ ЭЛЕМЕНТЫ ЗАПИСИ (АБИС)
Тип экземпляра АБИС Книга
980 ## - КОЛЛЕКЦИЯ
Название коллекции Национальная библиография
Экземпляры
Тип экземпляра Дата поступления Источник поступления Стоимость Библиотека постоянного хранения Библиотека текущего хранения Место хранения Шифр хранения Штрих-код Статус не для выдачи
Книга 21.05.2024 Обязательный экземпляр 0.00 РНБ (Московский) РНБ (Московский) Русский книжный фонд: издания с 1957 года, 8этаж, Хран. 2021-5/4974 1-4601306